Hỏi đáp về pháp luật kinh tế tại Việt Nam

Salvato in:
Dettagli Bibliografici
Altri autori: Nguyễn Thu Thảo.
Natura: Libro
Lingua:Vietnamese
Pubblicazione: Thống kê 2002
Tags: Aggiungi Tag
Nessun Tag, puoi essere il primo ad aggiungerne! !
Thư viện lưu trữ: Mạng thư viện Đại học Đà Nẵng
LEADER 00666nam a2200253 4500
001 000020629
003 17075
005 20150324100326.0
008 150324s2002 viesd
020 |c 86000 
041 0 |a vie 
082 1 4 |a 346  |b Ho-Đ 
245 1 0 |a Hỏi đáp về pháp luật kinh tế tại Việt Nam  |c Lê Thành Châu, Nguyễn Thu Thảo. 
260 |b Thống kê  |c 2002 
300 |a tr.  |c cm. 
700 1 |a Nguyễn Thu Thảo. 
OWN |a LSP 
999 |a From the UDN01 
TYP |a Monograph 
TYP |a Printed language 
980 |a Mạng thư viện Đại học Đà Nẵng